| Поле | Инд. | ПП | Название | Значение |
|---|---|---|---|---|
| Тип записи | a | |||
| Библиографический уровень | c | |||
| 001 | Контрольный номер | RU/IS/BASE/574959740 | ||
| 005 | Дата корректировки | 20231107143652.0 | ||
| 097 | b | Оператор | *Ви* | |
| 245 | 10 | a | Заглавие | Рабочая программа дисциплины части, формируемой участниками образовательных отношений Блока 1 «Дисциплины (модули)» "Изыскания и проектирование дорог". Направление подготовки 08.03.01 Строительство. Направленность (профиль): Автомобильные дороги и аэродромы. Форма обучения – очная, очно-заочная ускоренная |
| b | Продолж. заглавия | в составе учебно-методического комплекса | ||
| c | Ответственность | Кафедра "Автомобильные дороги, основания и фундаменты" | ||
| c | Ответственность | разработчик А.Н. Булгаков | ||
| 260 | a | Место издания | Тверь | |
| b | Издательство | ТвГТУ | ||
| c | Дата издания | 2023 | ||
| 440 | _0 | a | Серия | УМК-РП |
| 500 | a | Примечание | 5/2018 | |
| 516 | 8_ | a | Прим. о типе комп. файла/ данных | Текст : электронный |
| 535 | 1_ | a | Хранилище | Сайт ТвГТУ |
| 655 | a | Жанр/ форма (устаревшее) | М | |
| 773 | 18 | w | Контрольный № источника | 117302 |
| 856 | 40 | u | URL | https://new.tstu.tver.ru/documents/0kd66b8n1p.pdf?v=8 |
| 901 | t | Тип документа | y | |
| 905 | b | Дата создания записи обработка | 07.11.23 | |
| 922 | c | Кафедра | Автомобильные дороги, основания и фундаменты | |
| 951 | i | EL-ТГТУ? | Да | |
| 952 | a | Тип литературы для КСУ ВШ | П |